00304 2200133 4500001002100000005001500021035002000036245003700056100001300093260003100106082000800137084001400145990001100159INLIS00000000000249820250604112417 a0010-06250000841 aBukan Impian Semusim /cMarga T.0 aMarga T. aJakarta :bGramedia,c1998 a800 a800 MAR b a000058